| 000 | 00937nam a2200241Ia 4500 | ||
|---|---|---|---|
| 003 | OSt | ||
| 005 | 20211019161843.0 | ||
| 008 | 210310t2009 ii ad fr 000 0 eng d | ||
| 020 | _a9780198060048 | ||
| 040 |
_aCO-JMCR _cCO-JMCR |
||
| 041 | 0 | _aeng | |
| 082 | 0 | 4 |
_a338.954 / _bG411a _223 |
| 100 | 1 |
_aGhani, Ejaz, _917742 _eeditor |
|
| 245 | 1 | 0 |
_aAccelerating growth and job creation in south Asia / _cEjaz Ghani, Sadiq Ahmed |
| 260 |
_aNueva Delhi : _bOxford University Press, _c©2009 |
||
| 300 |
_axxii, 467 páginas : _bilustraciones y gráficas a blanco y negro ; _c23 cm. |
||
| 500 | _aIncluye notas a pie de página. | ||
| 504 | _aBibliografía al final de cada capítulo. | ||
| 505 | 0 | _aSouth asia's opportunities and challenges -- Policies and sources of growth -- South asia's opportunities and challenges | |
| 650 | 1 | 4 |
_aCrecimiento económico _917744 _zAsia |
| 700 | 1 |
_aAhmed, Sadiq, _eeditor _941209 |
|
| 942 |
_2ddc _cBK |
||
| 999 |
_c8599 _d8599 |
||